定期内利用率の高い駅BEST50(JR東日本) - Statistics

General Stats
  • This quiz has been taken 405 times
  • The average score is 27 of 50
Answer Stats
% Line Answer % Correct
30 76.1 常磐線 取手
74%
50 73.8 高崎線 上尾
68%
2 83.0 篠ノ井線 篠ノ井
67%
42 75.1 高崎線 鴻巣
67%
22 77.2 高崎線 籠原
65%
26 76.6 高崎線 本庄
63%
3 82.6 常磐線 日立
62%
17 77.9 高崎線 桶川
62%
44 74.9 常磐線 ひたち野うしく
62%
24 76.9 常磐線 牛久
61%
29 76.4 高崎線 深谷
61%
48 74 常磐線 天王台
61%
13 78.4 高崎線 北本
60%
20 77.4 内房線 君津
60%
21 77.2 宇都宮線 東大宮
60%
32 76.0 内房線 木更津
59%
4 82.0 仙石線 あおば通
58%
15 78.3 高崎線 北上尾
58%
19 77.6 外房線 大網
58%
36 75.7 宇都宮線 蓮田
58%
9 79.2 宇都宮線 白岡
57%
27 76.5 川越線 日進
57%
34 75.9 外房線 茂原
57%
16 78.2 川越線 西大宮
56%
28 76.5 宇都宮線 新白岡
56%
31 76.1 高崎線 宮原
56%
10 78.8 高崎線 北鴻巣
55%
12 78.5 川越線 指扇
54%
40 75.4 常磐線 勝田
54%
43 75.0 常磐線 龍ケ崎市
53%
23 76.9 総武本線 四街道
52%
25 76.8 外房線 誉田
52%
47 74.1 常磐線 荒川沖
51%
14 78.4 高崎線 吹上
49%
7 79.7 外房線 土気
48%
11 78.6 宇都宮線 東鷲宮
48%
41 75.2 埼京線 北戸田
48%
18 77.8 外房線 鎌取
47%
35 75.8 外房線 本千葉
46%
45 74.5 八高線 北八王子
45%
1 85.1 常磐線 大甕
43%
6 80.1 武蔵野線 北府中
43%
37 75.6 総武本線 都賀
43%
5 81.8 常磐線 常陸多賀
42%
46 74.3 青梅線 東青梅
42%
8 79.7 東北本線 岩沼
37%
39 75.5 内房線 姉ケ崎
36%
49 73.9 総武本線 西千葉
33%
33 76.0 仙石線 小鶴新田
31%
38 75.6 東北本線 南仙台
29%
No matching quizzes found
Score Distribution
Percent of People with Each Score
Percentile by Number Answered
Your Score History
You have not taken this quiz